00269 a2200109 4500001000700000020000600007040001100013100003700024240004700061245004200108362000900150168628 a  cMagnum aOliveira, Zilma de Moraes Et Al.10aCreches: criancas, faz de conta & cialpor10aCreches: criancas, faz de conta & cia0 a1899